Drapeaux de régions, territoires, et pays non reconnus par l'ONU #2 - Statistiques

Statistiques générales
  • Ce quiz a été pris 54 fois
  • Le résultat moyen est 6 sur 16
Statistiques - réponses
Par images Réponse % Correct
Québec
89%
Porto Rico
81%
Gibraltar
70%
Martinique
70%
Saint-Pierre-et-Miquelon
57%
Sicile
51%
Ohio
24%
Savoie
22%
Tchétchénie
22%
Cornouailles
19%
Hokkaido
11%
Yucatan
11%
Transylvanie
8%
Zélande
8%
Atacama
5%
Castilla y Leon
5%
Aucun quiz correspondant
Distribution des résultats
% des personnes avec chaque résultat
Percentile par nombre de réponses
Votre historique - résultats
Vous n’avez pas pris ce quiz